|
|
|
|
| LEADER |
01920nam a2200457 a 4500 |
| 001 |
EBC816479 |
| 003 |
MiAaPQ |
| 005 |
20200520144314.0 |
| 006 |
m o d | |
| 007 |
cr cn||||||||| |
| 008 |
100610s2011 njua sb 001 0 eng d |
| 010 |
|
|
|z 2010024092
|
| 020 |
|
|
|z 9780813549606 (hbk. alk. paper)
|
| 020 |
|
|
|z 0813549604 (hbk. alk. paper)
|
| 020 |
|
|
|z 9780813549613 (pbk. alk. paper)
|
| 020 |
|
|
|z 0813549612 (pbk. alk. paper)
|
| 020 |
|
|
|a 9780813550770 (electronic bk.)
|
| 035 |
|
|
|a (MiAaPQ)EBC816479
|
| 035 |
|
|
|a (Au-PeEL)EBL816479
|
| 035 |
|
|
|a (CaPaEBR)ebr10520546
|
| 035 |
|
|
|a (CaONFJC)MIL336999
|
| 035 |
|
|
|a (OCoLC)768731991
|
| 040 |
|
|
|a MiAaPQ
|c MiAaPQ
|d MiAaPQ
|
| 043 |
|
|
|a n-us---
|
| 050 |
|
4 |
|a HD8039.S452
|b U638 2011
|
| 082 |
0 |
4 |
|a 331.7/6136210973
|2 22
|
| 100 |
1 |
|
|a Duffy, Mignon.
|
| 245 |
1 |
0 |
|a Making care count
|h [electronic resource] :
|b a century of gender, race, and paid care work /
|c Mignon Duffy.
|
| 260 |
|
|
|a New Brunswick, N.J. :
|b Rutgers University Press,
|c c2011.
|
| 300 |
|
|
|a xiii, 185 p. :
|b ill.
|
| 504 |
|
|
|a Includes bibliographical references and index.
|
| 505 |
0 |
|
|a Conceptualizing care -- Domestic workers: many hands, heavy work -- Transforming nurturance, creating expert care -- Managing nurturant care in the new economy -- Doing the dirty work -- Making care count.
|
| 533 |
|
|
|a Electronic reproduction. Ann Arbor, MI : ProQuest, 2015. Available via World Wide Web. Access may be limited to ProQuest affiliated libraries.
|
| 650 |
|
0 |
|a Service industries workers
|z United States.
|
| 650 |
|
0 |
|a Caregivers
|z United States.
|
| 650 |
|
0 |
|a Household employees
|z United States.
|
| 650 |
|
0 |
|a Social service
|z United States.
|
| 650 |
|
0 |
|a Sexual division of labor
|z United States.
|
| 655 |
|
4 |
|a Electronic books.
|
| 710 |
2 |
|
|a ProQuest (Firm)
|
| 856 |
4 |
0 |
|u https://ebookcentral.proquest.com/lib/matrademy/detail.action?docID=816479
|z Click to View
|